Conversando con Peggy Cabral / (Registro nro. 7132)

Detalles MARC
000 -LEADER
fixed length control field 00556nam a2200193 a 4500
001 - CONTROL NUMBER
control field 000025689
003 - CONTROL NUMBER IDENTIFIER
control field 000025689
005 - DATE AND TIME OF LATEST TRANSACTION
control field 20160920114358.0
008 - FIXED-LENGTH DATA ELEMENTS--GENERAL INFORMATION
fixed length control field 110221s2004 dr ac 000 0 spa d
020 ## - INTERNATIONAL STANDARD BOOK NUMBER
International Standard Book Number 9993497444
040 ## - CATALOGING SOURCE
Original cataloging agency BPMET
Language of cataloging spa
Transcribing agency BPMET
049 ## - LOCAL HOLDINGS (OCLC)
Holding library BNPD
100 1# - MAIN ENTRY--PERSONAL NAME
Personal name Cabral de Peña Gómez, Peggy
245 10 - TITLE STATEMENT
Title Conversando con Peggy Cabral /
Statement of responsibility, etc. Peggy Cabral de Peña Gómez.
260 ## - PUBLICATION, DISTRIBUTION, ETC. (IMPRINT)
Place of publication, distribution, etc. Santo Domingo :
Name of publisher, distributor, etc. Editora Manatí,
Date of publication, distribution, etc. 2004.
300 ## - PHYSICAL DESCRIPTION
Extent 324 p. :
Other physical details il. ;
Dimensions 23 cm.
942 ## - ADDED ENTRY ELEMENTS (KOHA)
Source of classification or shelving scheme Dewey Decimal Classification
Koha item type Libros
956 ## - LOCAL ELECTRONIC LOCATION AND ACCESS (OCLC)
Host name VMATEO
Access number 10
Compression information 20110223
Logon BPMSU
Processor of request 0069
Existencias
Withdrawn status Lost status Source of classification or shelving scheme Damaged status Not for loan Collection code Home library Current library Date acquired Total Checkouts Barcode Date last seen Copy number Price effective from Koha item type
    Dewey Decimal Classification       Biblioteca Pública Metropolitana Salomé Ureña Biblioteca Pública Metropolitana Salomé Ureña 07/14/2014   BPMET15040526 07/14/2014 1 07/14/2014 Libros
    Dewey Decimal Classification       Biblioteca Pública Metropolitana Salomé Ureña Biblioteca Pública Metropolitana Salomé Ureña 07/14/2014   BPMET15040527 07/14/2014 2 07/14/2014 Libros